<?xml version="1.0" encoding="UTF-8"?>
<collection xmlns="http://www.loc.gov/MARC21/slim">
 <record>
  <leader>     na                 </leader>
  <controlfield tag="001">INLIS000000000014749</controlfield>
  <controlfield tag="005">20250811024225</controlfield>
  <datafield tag="035" ind1=" " ind2=" ">
   <subfield code="a">0010-0825000014</subfield>
  </datafield>
  <datafield tag="245" ind1="1" ind2=" ">
   <subfield code="a">Mikrobiologi /</subfield>
   <subfield code="c">Mades Fifendy</subfield>
  </datafield>
  <datafield tag="100" ind1="0" ind2=" ">
   <subfield code="a">Mades Fifendy</subfield>
  </datafield>
  <datafield tag="300" ind1=" " ind2=" ">
   <subfield code="a">xiii, 224 hlm.; 21 cm</subfield>
  </datafield>
  <datafield tag="260" ind1=" " ind2=" ">
   <subfield code="a">Jakarta :</subfield>
   <subfield code="b">Kencana,</subfield>
   <subfield code="c">2017</subfield>
  </datafield>
  <datafield tag="082" ind1=" " ind2=" ">
   <subfield code="a">616.01</subfield>
  </datafield>
  <datafield tag="084" ind1=" " ind2=" ">
   <subfield code="a">616.01 MAD m</subfield>
  </datafield>
  <datafield tag="020" ind1=" " ind2=" ">
   <subfield code="a">978-602-442-072-2</subfield>
  </datafield>
  <datafield tag="650" ind1=" " ind2=" ">
   <subfield code="a">Mikrobiologi</subfield>
  </datafield>
  <datafield tag="520" ind1=" " ind2=" ">
   <subfield code="a">Buku ini berisikan kajian tentang mikrobiologi, seperti konsep-konsep mikroorgarnsme, bentuk morfologi dan anatomi sel, cara reproduksi, macam-macam mikroorganisme seperti bakten, virus dan jamur. Dalam buku ini dibahas tentang enzim, metabolisme, nutrisi, pertumbuhan, faktor lingkungan, pengendalian asosiasi, genetika dan respons imun dari mikroorganisme. Buku ini juga dilengkapi dengan gambar dan tabel untuk mempertajam penjelasan-penjelasan yang diberikan serta memperindah tampilannya. Buku ini juga merujuk kepada berbagai sumber, seperti buku-buku Biologi dan Mikrobiologi yang merujuk kepada berbagai sumber, seperti buku-buku Biologi dan Mikrobiologi yang menjadi bahasan pada tingkat internasional sebagai referensinya. Semua ini diharapkan dapat meningkatkan minat membaca dan memperkaya ilmu pada penggunaannya.</subfield>
  </datafield>
  <controlfield tag="008">250811                e          0 ind  </controlfield>
  <datafield tag="700" ind1="0" ind2=" ">
   <subfield code="a">M. Biomed</subfield>
  </datafield>
  <datafield tag="990" ind1=" " ind2=" ">
   <subfield code="a">025.3832/PC/25</subfield>
  </datafield>
  <datafield tag="990" ind1=" " ind2=" ">
   <subfield code="a">025.3833/PC/25</subfield>
  </datafield>
  <datafield tag="990" ind1=" " ind2=" ">
   <subfield code="a">025.3834/PC/25</subfield>
  </datafield>
 </record>
</collection>
